Music Quiz

Random Music Quiz

Type Stairway To Heaven Quiz Stats

 Plays Quiz not verified by Sporcle

Score 0/36 Timer 15:00
0 Plays Today
Hint Answer % Correct
And shes buying..the stairway to heaven
95.7%
ooOOhhh and shes buying...the stairway to heaven
95.7%
and shes buyingthe stairway to heaven
95.7%
There's a lady whose sure...all that glitters is gold
85.1%
with a word she can get what...she came for
80.9%
when she gets there she knows...if the stores are all closed
70.2%
'cause you know sometimes words have...two meanings
70.2%
theres a feeling I getwhen I look to the West
70.2%
theres a sign on the wall...but she wants to be sure
63.8%
In a tree by the brook...there's a songbird who sings
61.7%
and the forests will echowith laughter
61.7%
its just a spring cleanfor the may queen
61.7%
rings of smokethrough the trees
59.6%
To be a rockand not to roll
59.6%
dear lady can you hear the wind blowand did you know
57.4%
Sometimes all of our thoughts aremisgiven
55.3%
And my spirit...is crying for leaving
55.3%
the piper's calling youto join him
55.3%
Hint Answer % Correct
And if you listenvery hard
55.3%
in my thoughts I have seen
53.2%
yes there are two paths you can go bybut in the long run
53.2%
Theres still time to change the road you're on
53.2%
your stairway on thewhispering wind
53.2%
and the voicesof those who stand looking
51.1%
If theres a bustle in your hedgerowdont be alarmed now
51.1%
That the piperwill lead us to reason
48.9%
And a new day will dawnfor those who stand long
48.9%
your head is humming and it won't goin case you don't know
48.9%
How everything still turns to gold
48.9%
Where all is oneand one is all
48.9%
ooooooohhhhit makes me wonder
46.8%
and its whispered that soonif we all call the tune
46.8%
And as we wind on down the roadour shadows taller than our soul
46.8%
the tune will come to you at last
46.8%
There walks a lady we all knowwho shines white light and wants to show
38.3%
Guitar soloJimmy Page
17%

You're not logged in!

Compare scores with friends on all Sporcle quizzes.
OR
Log In

Sporcle TV

Today on Sporcle TV


Watch our educational content, quiz creation guides, and fun videos on Sporcle TV.

Show Comments

Extras

Created Jan 14, 2015ReportNominate
Tags:heaven, stairway

Top Quizzes Today


Score Distribution

Your Account Isn't Verified!

In order to create a playlist on Sporcle, you need to verify the email address you used during registration. Go to your Sporcle Settings to finish the process.

Report this User

Report this user for behavior that violates our Community Guidelines.

Details: